| 000 | 02235cam a22004694i 4500 | ||
|---|---|---|---|
| 003 | PE-LiUPU | ||
| 005 | 20250731172948.0 | ||
| 008 | 150623s r 000 0 d | ||
| 020 | _a0802843115 | ||
| 035 | _a(Sirsi) i9780802843111 | ||
| 040 |
_aPE-LiUPU _bspa _cPE-LiUPU _erda |
||
| 049 | _aPRUA | ||
| 082 | 0 | 4 |
_a261.2609 _bC68 _221 |
| 100 | 1 |
_aCohn - Sherbok, Dan, _eautor. |
|
| 245 | 1 | 4 |
_aThe crucified Jew : _btwenty centuries of Christian anti-Semitism / _cDan Cohn-Sherbok. |
| 264 | 1 |
_aMichigan : _bWilliam B. Eerdmans Publishing Company, _c1997. |
|
| 300 |
_a258 páginas ; _c23 centímetros |
||
| 336 |
_atext _2rdacontent |
||
| 337 |
_aunmediated _2rdamedia |
||
| 338 |
_avolume _2rdacarrier |
||
| 505 | 0 | _aThe Greco-Roman world. -Anti-Judaism in the New Testament. -The church fathers and Jewish Hatred. -Medieval persecutions, ritual murder and the talmud. -The demoniac image of the Jew. -Post-medieval anti-semitism in France, England and Germany. -Spanish persecution and the inquisition. -The dispersion of the marranos. -Anti-semitism in the eastern Europe. -Western Jewry in the early modern period. -The enlightenment in England, France and Germany. -The emancipation of the Jews. -Judeophobia in the early nineteenth century. -Modern images of the Jew in Germany, France and Russia. -Prelude to the holocaust. -The death camps. -Anti-Semitism in a post-Holocaust world. -Toward reconciliation. | |
| 526 | _aSEG42 | ||
| 526 | _aSEG41 | ||
| 526 | _aSEG40 | ||
| 526 | _aSEG39 | ||
| 526 | _aP94 | ||
| 526 | _aP87 | ||
| 526 | _aP86 | ||
| 526 | _aP85 | ||
| 526 | _aP77 | ||
| 526 | _aP76 | ||
| 526 | _aP35 | ||
| 650 | 0 | 4 |
_aAntisemitismo _xHistoria. |
| 650 | 0 | 4 |
_aCristianismo y antisemitismo _xHistoria. |
| 650 | 0 | 4 |
_aJudaísmo _xLiteratura polémica _xHistoria y crítica. |
| 942 |
_2ddc _cBOOK |
||
| 949 |
_a261.2609 C68 _wDEWEY _c1 _i44824 _lCCODEBUL1 _mBUL _r0 _sY _tBOOK _u2015-6-24 _xTEOLOGIA _PP35 _0COMPRA _o.STAFF. Colección General |
||
| 994 |
_aC0 _bPEPRU |
||
| 596 | _a1 | ||
| 999 |
_a261.2609 C68 _wDEWEY _c21695 _i44824 _f2021-11-10 _g5 _lCCODEBUL1 _mBUL _r0 _sY _tBOOK _u2015-6-24 _xTEOLOGIA _PP35 _0COMPRA _o.STAFF. Colección General _d21695 |
||
| 980 |
_81 _gALBERTO SANCHEZ Responsable de Automatización |
||